000 00381nam a2200157 i 4500
001 bg
100 1 _aBOGUŚ, Zenon
245 0 _aZasady i elementy automatyki /
_cZenon Boguś, Janusz Nowakowski.
260 _aGdańsk,
_c1978.
700 1 _aNOWAKOWSKI, Janusz
040 _cBPK
041 _apol
080 _a62-5
942 _cKS
008 s pl f |000 0 pol
999 _c17742
_d17742
856 _uhttp://koha.tu.koszalin.pl/cgi-bin/koha/opac-detail.pl?biblionumber=17742
_yKatalog online BPK